[Event "ENCI Limburg-open A"]
[Site "Maastricht"]
[Date "2008.05.12"]
[Round "7"]
[White "Smits, Benjamin"]
[Black "Lehaen, Frank"]
[Result "1-0"]
[WhiteElo "1798"]
[BlackElo "1931"]
[PlyCount "83"]
[EventDate "2008.05.09"]
[EventType "swiss"]
[EventRounds "7"]
[EventCountry "NED"]
[Source "P.Boonen"]
[SourceDate "2010.01.01"]

1. e4 c5 2. Nf3 a6 3. Nc3 e6 4. d4 cxd4 5. Nxd4 Qc7 6. Be3 Nf6 7. a3 b5 8. f3
Bb7 9. Qd2 Bc5 10. Ndxb5 axb5 11. Nxb5 Qb6 12. Bxc5 Qxc5 13. Nd6+ Ke7 14. Nxb7
Qb6 15. e5 Ne8 16. Qg5+ f6 17. exf6+ gxf6 18. Qc5+ Qxc5 19. Nxc5 Nc6 20. O-O-O
Nd6 21. Bd3 Ra5 22. Ne4 Nf5 23. g3 Rc8 24. f4 Ncd4 25. Nc3 d5 26. Bxf5 Nxf5 27.
Rd3 Rac5 28. Kb1 Nd6 29. Re1 Kf7 30. Re2 Nc4 31. f5 exf5 32. Rxd5 Nxa3+ 33.
bxa3 Rxc3 34. Rd3 Rxd3 35. cxd3 Rc3 36. Ra2 Rxd3 37. a4 h5 38. a5 h4 39. a6
hxg3 40. a7 g2 41. Rxg2 Ra3 42. Ra2 1-0

[Event "ENCI Limburg-open A"]
[Site "Maastricht"]
[Date "2008.05.12"]
[Round "7"]
[White "Soors, Stef"]
[Black "Broekmeulen, Jasper"]
[Result "0-1"]
[WhiteElo "2170"]
[BlackElo "2322"]
[PlyCount "62"]
[EventDate "2008.05.09"]
[EventType "swiss"]
[EventRounds "7"]
[EventCountry "NED"]
[Source "P.Boonen"]
[SourceDate "2010.01.01"]

1. d4 d5 2. c4 e5 3. dxe5 d4 4. Nf3 Nc6 5. a3 Bg4 6. Qb3 Qd7 7. Qxb7 Rd8 8.
Nbd2 Nge7 9. b4 Ng6 10. Bb2 Be7 11. O-O-O O-O 12. Nb3 Rb8 13. Qa6 Qe6 14. e3
dxe3 15. fxe3 Rb6 16. Qa4 Ngxe5 17. Nbd4 Nxd4 18. Nxd4 Bxd1 19. Qxd1 Qg6 20. c5
Rbb8 21. h4 a5 22. h5 Qe4 23. Qd2 axb4 24. axb4 Bg5 25. Rh3 h6 26. Qc3 Ng4 27.
Nf5 Bf6 28. Nd4 Rbd8 29. Rg3 Rxd4 30. Rxg4 Rd1+ 31. Kxd1 Qxg4+ 0-1

[Event "ENCI Limburg-open A"]
[Site "Maastricht"]
[Date "2008.05.12"]
[Round "7"]
[White "Sprangers, Remco"]
[Black "Roggeveen, Pieter"]
[Result "1/2-1/2"]
[WhiteElo "2211"]
[BlackElo "2099"]
[PlyCount "112"]
[EventDate "2008.05.09"]
[EventType "swiss"]
[EventRounds "7"]
[EventCountry "NED"]
[Source "P.Boonen"]
[SourceDate "2010.01.01"]

1. e4 e5 2. Nf3 Nc6 3. Bb5 a6 4. Ba4 Nf6 5. O-O Be7 6. Re1 b5 7. Bb3 d6 8. c3
O-O 9. h3 Na5 10. Bc2 c5 11. d4 Qc7 12. Nbd2 Nc6 13. d5 Nd8 14. Nf1 Ne8 15.
N3h2 f6 16. g4 Nf7 17. Ng3 g6 18. Be3 Ng7 19. Kh1 Kh8 20. Rg1 Bd7 21. Qd2 Rg8
22. f4 exf4 23. Bxf4 Ne5 24. Rg2 Rgf8 25. Rag1 Rg8 26. Bh6 Nf7 27. Nf3 Rae8 28.
Nh4 Qd8 29. Nf3 Qc8 30. Be3 Ne5 31. Qf2 Ref8 32. Ne2 Qc7 33. Nf4 Ne8 34. Qg3
Qc8 35. Rf2 f5 36. Rh2 g5 37. exf5 gxf4 38. Qxf4 Nxf3 39. Qxf3 Bg5 40. Bf2 Bf6
41. Rhg2 Be5 42. Bh4 Rf7 43. Rf1 Rgf8 44. Bg5 Nf6 45. Bh6 Re8 46. g5 Ng8 47. g6
hxg6 48. fxg6 Rg7 49. Bxg7+ Bxg7 50. Rg5 Rf8 51. Rh5+ Nh6 52. Qe2 Rxf1+ 53.
Qxf1 Qf8 54. Qe2 Qf4 55. Bf5 Qxf5 56. Rxf5 Nxf5 1/2-1/2

[Event "ENCI Limburg-open A"]
[Site "Maastricht"]
[Date "2008.05.12"]
[Round "7"]
[White "Surewaard, Wilbert"]
[Black "Lafosse, Jimmy"]
[Result "1/2-1/2"]
[WhiteElo "2213"]
[BlackElo "1956"]
[PlyCount "64"]
[EventDate "2008.05.09"]
[EventType "swiss"]
[EventRounds "7"]
[EventCountry "NED"]
[Source "P.Boonen"]
[SourceDate "2010.01.01"]

1. e4 c5 2. Nf3 a6 3. c4 Nc6 4. d4 cxd4 5. Nxd4 Qb6 6. Nc2 e6 7. Be2 Nf6 8. Nc3
d6 9. O-O Be7 10. b3 O-O 11. Be3 Qc7 12. Qd2 b6 13. Rfd1 Bb7 14. f3 Rfd8 15.
Rac1 Ne5 16. Qe1 Ng6 17. Qf2 Nd7 18. Nd4 Rab8 19. Bf1 Nge5 20. Rc2 Nc5 21. b4
Ncd7 22. Nd5 exd5 23. cxd5 Nc5 24. Nf5 Bf8 25. h3 Bc8 26. Nd4 Bd7 27. f4 Ng6
28. Rcc1 Ba4 29. Re1 Qe7 30. bxc5 bxc5 31. Nc6 Bxc6 32. dxc6 Rb6 1/2-1/2

[Event "ENCI Limburg-open A"]
[Site "Maastricht"]
[Date "2008.05.12"]
[Round "7"]
[White "Swijsen, Lars"]
[Black "Geboers, Jimmy"]
[Result "1/2-1/2"]
[WhiteElo "1875"]
[BlackElo "1968"]
[PlyCount "41"]
[EventDate "2008.05.09"]
[EventType "swiss"]
[EventRounds "7"]
[EventCountry "NED"]
[Source "P.Boonen"]
[SourceDate "2010.01.01"]

1. c4 e5 2. Nc3 f5 3. d3 Nf6 4. g3 c6 5. Bg2 d5 6. cxd5 cxd5 7. Qb3 e4 8. dxe4
dxe4 9. f3 exf3 10. Nxf3 Qb6 11. Qxb6 axb6 12. Bf4 Nc6 13. Rd1 Bb4 14. O-O O-O
15. Bd6 Bc5+ 16. Bxc5 bxc5 17. a3 Re8 18. Rfe1 h6 19. Nd5 Nxd5 20. Rxd5 Ra5 21.
b4 1/2-1/2

[Event "ENCI Limburg-open A"]
[Site "Maastricht"]
[Date "2008.05.12"]
[Round "7"]
[White "Tempelman, Kristianne"]
[Black "De Freytas, Paul"]
[Result "1/2-1/2"]
[WhiteElo "1896"]
[BlackElo "1929"]
[PlyCount "34"]
[EventDate "2008.05.09"]
[EventType "swiss"]
[EventRounds "7"]
[EventCountry "NED"]
[Source "P.Boonen"]
[SourceDate "2010.01.01"]

1. d4 g6 2. c4 Bg7 3. Nc3 d6 4. e4 e5 5. d5 f5 6. Nf3 Nf6 7. Nd2 a5 8. Be2 O-O
9. O-O Na6 10. b3 Nc5 11. exf5 gxf5 12. Rb1 Qe8 13. a3 Qg6 14. b4 axb4 15. axb4
Nce4 16. Ndxe4 fxe4 17. Kh1 Bd7 1/2-1/2

[Event "ENCI Limburg-open A"]
[Site "Maastricht"]
[Date "2008.05.12"]
[Round "7"]
[White "Van Eijndhoven, Erik"]
[Black "Oosterman, Maarten Jan"]
[Result "1/2-1/2"]
[WhiteElo "2158"]
[BlackElo "2013"]
[PlyCount "21"]
[EventDate "2008.05.09"]
[EventType "swiss"]
[EventRounds "7"]
[EventCountry "NED"]
[Source "P.Boonen"]
[SourceDate "2010.01.01"]

1. e3 d5 2. b3 e5 3. Bb2 Bd6 4. d3 Nf6 5. Nd2 Bf5 6. h3 Nc6 7. Ne2 Qe7 8. a3
O-O-O 9. b4 h5 10. g3 Nh7 11. Bg2 1/2-1/2

[Event "ENCI Limburg-open A"]
[Site "Maastricht"]
[Date "2008.05.12"]
[Round "7"]
[White "Van Mechelen, Jan"]
[Black "Rademakers, Evert"]
[Result "1/2-1/2"]
[WhiteElo "2304"]
[BlackElo "2092"]
[PlyCount "30"]
[EventDate "2008.05.09"]
[EventType "swiss"]
[EventRounds "7"]
[EventCountry "NED"]
[Source "P.Boonen"]
[SourceDate "2010.01.01"]

1. Nf3 Nf6 2. g3 g6 3. Bg2 Bg7 4. O-O O-O 5. c4 c6 6. Nc3 d5 7. cxd5 cxd5 8. d4
Nc6 9. Ne5 Bf5 10. Bg5 Ne4 11. Nxc6 bxc6 12. Nxe4 Bxe4 13. Qd2 Bxg2 14. Kxg2
Qd6 15. Bf4 e5 1/2-1/2

[Event "ENCI Limburg-open A"]
[Site "Maastricht"]
[Date "2008.05.12"]
[Round "7"]
[White "Van Onzen, Jeroen"]
[Black "Scheeren, Fred"]
[Result "0-1"]
[WhiteElo "2142"]
[BlackElo "1968"]
[PlyCount "100"]
[EventDate "2008.05.09"]
[EventType "swiss"]
[EventRounds "7"]
[EventCountry "NED"]
[Source "P.Boonen"]
[SourceDate "2010.01.01"]

1. e4 c6 2. d4 d5 3. c4 dxe4 4. Nc3 Nf6 5. Nge2 Bf5 6. Ng3 Bg6 7. h4 h6 8. h5
Bh7 9. Be3 e6 10. a3 Bd6 11. Rh3 Nbd7 12. Be2 Bf5 13. Nxf5 exf5 14. Qd2 Qe7 15.
b4 a5 16. c5 axb4 17. Na2 f4 18. Bxf4 Bxf4 19. Qxf4 Nd5 20. Qg4 O-O 21. Rg3 f5
22. Qh3 Nf4 23. Bc4+ Kh8 24. Qh2 Qf6 25. Rd1 b5 26. Bf1 bxa3 27. Rb3 Nd5 28.
Qh3 Qf7 29. Rxa3 e3 30. Rxa8 Rxa8 31. Nc1 Ra3 32. f3 Qf6 33. Be2 Nf4 34. Qg3
Qg5 35. Qxg5 hxg5 36. g4 fxg4 37. fxg4 Nxe2 38. Kxe2 Nf6 39. Kf3 Kg8 40. Ne2
Kf7 41. Rh1 b4 42. Rb1 Nd5 43. Ke4 Ra2 44. Nc1 Rd2 45. Ra1 e2 46. Nd3 Rd1 47.
Ra7+ Kf6 48. h6 gxh6 49. Ra6 Rxd3 50. Rxc6+ Ke7 0-1

[Event "ENCI Limburg-open A"]
[Site "Maastricht"]
[Date "2008.05.12"]
[Round "7"]
[White "Vogel, Jaap"]
[Black "Smits, Sebastiaan"]
[Result "1/2-1/2"]
[WhiteElo "2254"]
[BlackElo "2122"]
[PlyCount "34"]
[EventDate "2008.05.09"]
[EventType "swiss"]
[EventRounds "7"]
[EventCountry "NED"]
[Source "P.Boonen"]
[SourceDate "2010.01.01"]

1. Nf3 Nf6 2. g3 g6 3. Bg2 Bg7 4. d4 O-O 5. O-O d6 6. c4 Nbd7 7. Nc3 e5 8. h3
Re8 9. e4 c6 10. Be3 exd4 11. Nxd4 Nc5 12. Qc2 Qe7 13. Rfe1 a5 14. Rad1 Be6 15.
b3 Rad8 16. f4 Bc8 17. Bf2 Nfd7 1/2-1/2

[Event "ENCI Limburg-open A"]
[Site "Maastricht"]
[Date "2008.05.12"]
[Round "7"]
[White "Voss, Her"]
[Black "Van der Velden, Bram"]
[Result "0-1"]
[WhiteElo "2046"]
[BlackElo "2196"]
[PlyCount "76"]
[EventDate "2008.05.09"]
[EventType "swiss"]
[EventRounds "7"]
[EventCountry "NED"]
[Source "P.Boonen"]
[SourceDate "2010.01.01"]

1. e4 c5 2. Nf3 Nc6 3. d4 cxd4 4. Nxd4 Qc7 5. Nc3 e6 6. Be3 a6 7. Bd3 Nf6 8.
O-O d6 9. Kh1 b5 10. f4 Bb7 11. Nf3 Be7 12. Qe1 O-O 13. Qg3 Nb4 14. Rac1 Kh8
15. a3 Nxd3 16. cxd3 Qd7 17. Ng5 d5 18. e5 Nh5 19. Qg4 d4 20. Qxh5 Bxg5 21.
Bxd4 Be7 22. Bg1 Qxd3 23. Qe2 Qg6 24. Rfd1 Rad8 25. Bb6 Rxd1+ 26. Rxd1 Bc6 27.
Kg1 h5 28. Rd3 h4 29. g3 Rb8 30. Ba7 Rb7 31. Bf2 a5 32. Nd1 b4 33. Qe3 bxa3 34.
bxa3 Rb1 35. Rd2 hxg3 36. Bxg3 Qg4 37. Qd3 Bc5+ 38. Kf1 Bb5 0-1

[Event "ENCI Limburg-open A"]
[Site "Maastricht"]
[Date "2008.05.12"]
[Round "7"]
[White "Wemmers, Xander"]
[Black "Dambacher, Martijn"]
[Result "0-1"]
[WhiteElo "2387"]
[BlackElo "2470"]
[PlyCount "98"]
[EventDate "2008.05.09"]
[EventType "swiss"]
[EventRounds "7"]
[EventCountry "NED"]
[Source "P.Boonen"]
[SourceDate "2010.01.01"]

1. e4 c5 2. Nf3 e6 3. Nc3 a6 4. g3 b5 5. d4 cxd4 6. Nxd4 Bb7 7. Bg2 Nf6 8. a3
d6 9. O-O Qc7 10. f4 Nc6 11. Be3 Be7 12. g4 Nxd4 13. Bxd4 e5 14. Be3 exf4 15.
Bxf4 O-O 16. g5 Nd7 17. Nd5 Bxd5 18. exd5 Rfe8 19. Qd2 Bf8 20. Kh1 g6 21. a4 b4
22. Rf2 Qc5 23. Raf1 Bg7 24. Bh3 Nb6 25. b3 Ra7 26. Bg3 Nxd5 27. Rd1 Nc3 28.
Bxd6 Qb6 29. a5 Qxa5 30. Rdf1 Ne4 31. Qf4 Nxf2+ 32. Qxf2 Qd5+ 33. Bg2 Qd4 34.
Qxd4 Bxd4 35. Bxb4 Re2 36. Rd1 a5 37. Ba3 Rd7 38. Bc6 Rd8 39. c4 Bf6 40. Bd5
Bxg5 41. Bc5 Bd2 42. Bg1 Rd7 43. Bf3 Re1 44. Rxe1 Bxe1 45. c5 Rd3 46. Bb7 Bh4
47. c6 Bd8 48. Bf2 Bc7 49. Kg2 Rxb3 0-1

[Event "ENCI Limburg-open A"]
[Site "Maastricht"]
[Date "2008.05.12"]
[Round "7"]
[White "Wlogalski, Olivier"]
[Black "Pevar, Andrew"]
[Result "0-1"]
[WhiteElo "1948"]
[BlackElo "1831"]
[PlyCount "108"]
[EventDate "2008.05.09"]
[EventType "swiss"]
[EventRounds "7"]
[EventCountry "NED"]
[Source "P.Boonen"]
[SourceDate "2010.01.01"]

1. b3 Nf6 2. Bb2 e6 3. e3 b6 4. f4 Be7 5. Nf3 O-O 6. Nc3 Bb7 7. Bd3 d5 8. O-O
c5 9. Ne5 Nc6 10. Ng4 Nb4 11. Qe2 Nxd3 12. cxd3 Nxg4 13. Qxg4 f5 14. Qe2 Ba6
15. Rf3 Bf6 16. Rh3 Qd7 17. Rf1 d4 18. exd4 cxd4 19. Nb1 Rac8 20. Na3 b5 21.
Rc1 Rxc1+ 22. Bxc1 Rc8 23. Bb2 Bb7 24. Qh5 g6 25. Rg3 Kg7 26. Kf1 e5 27. fxe5
Bxe5 28. Rg5 Bf4 29. Qh4 Bxg5 30. Qxg5 Kg8 31. h4 a6 32. h5 Qe6 33. hxg6 Qxg6
34. Qxg6+ hxg6 35. Bxd4 Kf7 36. Kf2 Ke6 37. Bc3 Rd8 38. d4 Be4 39. g3 Rd7 40.
Ke3 Rh7 41. d3 Bb7 42. Nc2 Rh2 43. Bd2 Rg2 44. Ne1 Rxg3+ 45. Kf2 Rg4 46. Bc3 g5
47. a3 Bd5 48. b4 f4 49. Nf3 Bxf3 50. Kxf3 Rg3+ 51. Ke2 Re3+ 52. Kd2 Kd5 53.
Kc2 g4 54. Bd2 Kxd4 0-1

[Event "ENCI Limburg-open A"]
[Site "Maastricht"]
[Date "2008.05.12"]
[Round "7"]
[White "Ypma, Peter"]
[Black "Bijlsma, Nick"]
[Result "1/2-1/2"]
[WhiteElo "1992"]
[BlackElo "1869"]
[PlyCount "128"]
[EventDate "2008.05.09"]
[EventType "swiss"]
[EventRounds "7"]
[EventCountry "NED"]
[Source "P.Boonen"]
[SourceDate "2010.01.01"]

1. e4 c5 2. c3 Nf6 3. e5 Nd5 4. d4 cxd4 5. Nf3 e6 6. cxd4 b6 7. Nc3 Nxc3 8.
bxc3 Qc7 9. Bd2 Bb7 10. g3 d6 11. Bb5+ Bc6 12. Bxc6+ Nxc6 13. Qa4 Be7 14. O-O
O-O 15. exd6 Bxd6 16. c4 Rac8 17. Rac1 Ne7 18. Be3 Nf5 19. Qb3 Rfd8 20. Rfd1
Nxe3 21. Qxe3 Qe7 22. c5 bxc5 23. dxc5 Bb8 24. Rxd8+ Rxd8 25. c6 Qc7 26. Qb3
Qc8 27. Qa4 a6 28. Rb1 Rd6 29. Ne5 Bc7 30. Rb7 a5 31. Nd7 h6 32. Qb5 Kh7 33.
Kg2 Qd8 34. Ra7 Qc8 35. Qb1+ Kg8 36. Qb7 Qxb7 37. cxb7 Rxd7 38. b8=Q+ Bxb8 39.
Rxd7 Be5 40. Rd3 Kh7 41. Kf3 Kg6 42. Ke4 Bc7 43. Rb3 Bd6 44. a3 f5+ 45. Kd4 Kf6
46. Kc4 g5 47. Kb5 h5 48. Kxa5 f4 49. Kb5 Kf5 50. Kc6 Be7 51. a4 Bf6 52. a5 Bd4
53. f3 fxg3 54. hxg3 h4 55. Rb4 e5 56. gxh4 gxh4 57. a6 h3 58. Rxd4 exd4 59. a7
h2 60. a8=Q h1=Q 61. Qf8+ Kg6 62. Qe8+ Kg7 63. Qe5+ Kg8 64. Qe6+ Kg7 1/2-1/2

[Event "ENCI Limburg-open A"]
[Site "Maastricht"]
[Date "2008.05.12"]
[Round "7"]
[White "Zachariassen, Bjarne"]
[Black "Van der Veen, Terry"]
[Result "1/2-1/2"]
[WhiteElo "1938"]
[BlackElo "2169"]
[PlyCount "116"]
[EventDate "2008.05.09"]
[EventType "swiss"]
[EventRounds "7"]
[EventCountry "NED"]
[Source "P.Boonen"]
[SourceDate "2010.01.01"]

1. e4 e5 2. Nf3 Nc6 3. d4 exd4 4. Nxd4 Nf6 5. Nxc6 bxc6 6. Bd3 d5 7. exd5 cxd5
8. O-O Be7 9. c4 O-O 10. Bf4 Be6 11. Qc2 dxc4 12. Bxc4 Qd4 13. Bxe6 Qxf4 14.
Qc4 Qe5 15. Bh3 Bd6 16. g3 Qxb2 17. Nc3 Qb4 18. Qc6 Qb6 19. Qf3 Rad8 20. Rab1
Qa6 21. Bf5 Kh8 22. Bd3 Qa5 23. Bc4 Qc5 24. Bb3 Nd7 25. Ne4 Qc6 26. Qf5 g6 27.
Qd5 Qxd5 28. Bxd5 Nb6 29. Bb3 Kg7 30. Rbc1 Be5 31. Rfd1 Rxd1+ 32. Rxd1 Re8 33.
Ng5 f5 34. Re1 Re7 35. Ne6+ Kf6 36. Kf1 a5 37. Nc5 Bd6 38. Rc1 g5 39. Nb7 a4
40. Bd1 Ba3 41. Rc6+ Kg7 42. Bc2 f4 43. gxf4 gxf4 44. Nd8 Bd6 45. f3 Nd7 46.
Nb7 Ne5 47. Nxd6 cxd6 48. Rxd6 Nxf3 49. Bxa4 Nxh2+ 50. Kg1 Re2 51. Bb3 f3 52.
Rd7+ Kh6 53. Rf7 Kg5 54. Bd1 Rg2+ 55. Kh1 Rxa2 56. Bxf3 Rf2 57. Bd5 Rxf7 58.
Bxf7 Ng4 1/2-1/2

[Event "ENCI Limburg-open B"]
[Site "Maastricht"]
[Date "2008.05.09"]
[Round "1"]
[White "Bamberger, Alberto"]
[Black "Muyrers, Cyril"]
[Result "0-1"]
[WhiteElo "1620"]
[BlackElo "1766"]
[PlyCount "66"]
[EventDate "2008.05.09"]
[EventType "swiss"]
[EventRounds "7"]
[EventCountry "NED"]
[Source "P.Boonen"]
[SourceDate "2010.01.01"]

1. Nc3 d5 2. e4 c6 3. d3 g6 4. g3 Bg7 5. Bg2 Nf6 6. exd5 cxd5 7. Nge2 O-O 8.
O-O Nc6 9. Bg5 e6 10. Qc1 Qd6 11. a3 Re8 12. Nb5 Qd7 13. Nbc3 b6 14. Nd1 Bb7
15. Ne3 Rac8 16. Bxf6 Bxf6 17. Ng4 Bg7 18. c3 h5 19. Ne3 d4 20. cxd4 Nxd4 21.
Qd1 Bxg2 22. Kxg2 Qb7+ 23. f3 Nf5 24. Nxf5 exf5 25. Nc3 f4 26. Qb3 fxg3 27.
hxg3 h4 28. Ne4 Qb8 29. gxh4 Qf4 30. Rh1 Rxe4 31. fxe4 Bd4 32. Raf1 Qg4+ 33.
Kh2 Be5+ 0-1

[Event "ENCI Limburg-open B"]
[Site "Maastricht"]
[Date "2008.05.09"]
[Round "1"]
[White "Boer, Jan"]
[Black "Begri, Felix"]
[Result "0-1"]
[WhiteElo "1578"]
[BlackElo "1365"]
[PlyCount "59"]
[EventDate "2008.05.09"]
[EventType "swiss"]
[EventRounds "7"]
[EventCountry "NED"]
[Source "P.Boonen"]
[SourceDate "2010.01.01"]

1. d4 Nf6 2. Bg5 e6 3. e4 Be7 4. e5 Nd5 5. Bxe7 Qxe7 6. c4 Nb6 7. Nc3 Qb4 8.
Qc2 Nc6 9. Rd1 Na5 10. Qe2 d6 11. a3 Qxc4 12. Qg4 Qb3 13. Qxg7 Rf8 14. Nb5 Nd5
15. Rd2 Nc4 16. Bxc4 Qxc4 17. a4 Qxa4 18. Nc3 Nxc3 19. bxc3 Qa1+ 20. Ke2 Qxc3
21. Qxh7 b6 22. Nf3 Ba6+ 23. Ke1 O-O-O 24. h4 Rg8 25. Ng5 Qc1+ 26. Rd1 Qf4 27.
Rh3 Qg4 28. Qc2 Qxg2 29. Rg3 Qf1+ 30. Kd2 0-1

[Event "ENCI Limburg-open B"]
[Site "Maastricht"]
[Date "2008.05.09"]
[Round "1"]
[White "Bokern, Peter"]
[Black "Gijsen, Michelle"]
[Result "0-1"]
[WhiteElo "1378"]
[BlackElo "1580"]
[PlyCount "70"]
[EventDate "2008.05.09"]
[EventType "swiss"]
[EventRounds "7"]
[EventCountry "NED"]
[Source "P.Boonen"]
[SourceDate "2010.01.01"]

1. e4 e5 2. Nf3 Nc6 3. Bc4 Bc5 4. c3 Nf6 5. Ng5 O-O 6. d3 a6 7. Nf3 d6 8. Bg5
h6 9. Bxf6 Qxf6 10. O-O Ba7 11. Qd2 Na5 12. Na3 b5 13. Bb3 Nxb3 14. axb3 Be6
15. c4 c6 16. Nc2 d5 17. exd5 cxd5 18. Rxa6 Bxf2+ 19. Rxf2 Rxa6 20. Nb4 Ra1+
21. Ne1 Qd8 22. Nc6 Qb6 23. cxd5 Bd7 24. Nxe5 Re8 25. d4 f6 26. N5f3 Bg4 27.
Rf1 Qd6 28. Nc2 Rxf1+ 29. Kxf1 Bxf3 30. gxf3 Qxd5 31. Qc3 Qh5 32. Kg1 Re2 33.
Qc8+ Kh7 34. Qc7 Qg5+ 35. Qg3 Qc1+ 0-1

[Event "ENCI Limburg-open B"]
[Site "Maastricht"]
[Date "2008.05.09"]
[Round "1"]
[White "Braam, Marco"]
[Black "Andziulevicius, Kestutis"]
[Result "0-1"]
[WhiteElo "1590"]
[BlackElo "1732"]
[PlyCount "92"]
[EventDate "2008.05.09"]
[EventType "swiss"]
[EventRounds "7"]
[EventCountry "NED"]
[Source "P.Boonen"]
[SourceDate "2010.01.01"]

1. e4 c5 2. f4 e5 3. d3 Nc6 4. Nf3 d6 5. Nc3 Bg4 6. Be2 Bxf3 7. Bxf3 Qh4+ 8. g3
Qd8 9. O-O Nf6 10. f5 Be7 11. Bg5 Nxe4 12. Bxe4 Bxg5 13. Nd5 Nb4 14. Nxb4 cxb4
15. Kh1 d5 16. Bg2 O-O 17. Qf3 Rc8 18. Rf2 Rc5 19. Qg4 f6 20. Qxb4 Qc7 21. c3
b6 22. Qb3 Rd8 23. d4 Rc4 24. Qb5 e4 25. Bf1 Rc6 26. Qe2 Rb8 27. Bg2 Bh6 28.
Qb5 Qd6 29. Qb3 Kh8 30. Rd1 Rf8 31. Re1 g6 32. Qd1 b5 33. Qg4 Qd7 34. Bh3 Bg5
35. fxg6 Qxg4 36. Bxg4 hxg6 37. Bd7 Rb6 38. Kg2 f5 39. a4 b4 40. a5 Rd6 41. Bb5
Rb8 42. Bf1 bxc3 43. bxc3 Rb3 44. Rc2 Bf6 45. Rec1 Rc6 46. c4 Rb4 {.....} 0-1

[Event "ENCI Limburg-open B"]
[Site "Maastricht"]
[Date "2008.05.09"]
[Round "1"]
[White "Brixius, Dirk"]
[Black "De Boer, Guus"]
[Result "1/2-1/2"]
[WhiteElo "1839"]
[BlackElo "1673"]
[PlyCount "96"]
[EventDate "2008.05.09"]
[EventType "swiss"]
[EventRounds "7"]
[EventCountry "NED"]
[Source "P.Boonen"]
[SourceDate "2010.01.01"]

1. c4 e5 2. g3 Nf6 3. Bg2 Bc5 4. Nc3 a6 5. d3 d6 6. a3 Nc6 7. b4 Bb6 8. Bb2 O-O
9. e3 Ne7 10. Nge2 c6 11. O-O Ng6 12. d4 exd4 13. exd4 d5 14. cxd5 Nxd5 15.
Nxd5 cxd5 16. Nc3 Be6 17. Na4 Bc7 18. Nc5 b6 19. Nxe6 fxe6 20. Re1 Rf6 21. Bh3
Qd6 22. f4 Ne7 23. Rc1 Nf5 24. Qc2 Bd8 25. Qc6 Qxc6 26. Rxc6 Kf7 27. Re5 g6 28.
Kf2 Ra7 29. g4 Ne7 30. Rc2 Bc7 31. Ke3 Kg7 32. g5 Bxe5 33. gxf6+ Bxf6 34. Bxe6
Nf5+ 35. Bxf5 gxf5 36. Rc6 Rb7 37. Rd6 Kf7 38. Kd3 Ke7 39. Rc6 Kf7 40. a4 Be7
41. b5 a5 42. Bc1 Ke8 43. Bd2 Bd8 44. Ke3 Rc7 45. Rxc7 Bxc7 46. Be1 Bd8 47. Kf3
Kf7 48. Kg2 Kg6 1/2-1/2

[Event "ENCI Limburg-open B"]
[Site "Maastricht"]
[Date "2008.05.09"]
[Round "1"]
[White "Cromsigt, Jeroen"]
[Black "Uiterwijk, Jos"]
[Result "1-0"]
[WhiteElo "1860"]
[BlackElo "1691"]
[PlyCount "55"]
[EventDate "2008.05.09"]
[EventType "swiss"]
[EventRounds "7"]
[EventCountry "NED"]
[Source "P.Boonen"]
[SourceDate "2010.01.01"]

1. e4 c5 2. Nf3 d6 3. d4 cxd4 4. Nxd4 Nf6 5. Nc3 g6 6. f3 Bg7 7. Be3 O-O 8. Qd2
Nc6 9. O-O-O a6 10. Nxc6 bxc6 11. e5 Ne8 12. Bf4 d5 13. g4 Nc7 14. h4 Ne6 15.
Bg3 Qa5 16. Kb1 Rb8 17. b3 f5 18. exf6 Bxf6 19. Nxd5 Rxb3+ 20. cxb3 Qxd2 21.
Nxf6+ Rxf6 22. Rxd2 Rxf3 23. Bc4 Rxg3 24. Re1 Kg7 25. Bxe6 Bxe6 26. Rxe6 Rxg4
27. Rxe7+ Kh6 28. Rh2 1-0

[Event "ENCI Limburg-open B"]
[Site "Maastricht"]
[Date "2008.05.09"]
[Round "1"]
[White "De Jager, Leo"]
[Black "Student, Martin"]
[Result "1-0"]
[WhiteElo "1894"]
[BlackElo "1713"]
[PlyCount "55"]
[EventDate "2008.05.09"]
[EventType "swiss"]
[EventRounds "7"]
[EventCountry "NED"]
[Source "P.Boonen"]
[SourceDate "2010.01.01"]

1. Nf3 d5 2. g3 Nf6 3. Bg2 e6 4. O-O c5 5. c4 Be7 6. d3 O-O 7. Nbd2 Qc7 8. Rb1
Nc6 9. a3 b6 10. e3 Bb7 11. Re1 Rad8 12. Qe2 h6 13. b3 e5 14. cxd5 Nxd5 15. Bb2
Bf6 16. Ne4 Be7 17. Qc2 f5 18. Nc3 Nxc3 19. Bxc3 Ba6 20. Rbd1 Bf6 21. b4 Qe7
22. b5 Bxb5 23. Qb3+ Qf7 24. Qxb5 e4 25. Bxf6 Qxf6 26. dxe4 Rxd1 27. Rxd1 fxe4
28. Qc4+ 1-0

[Event "ENCI Limburg-open B"]
[Site "Maastricht"]
[Date "2008.05.09"]
[Round "1"]
[White "De Lange, Marieke"]
[Black "Evmentchik, Jury"]
[Result "0-1"]
[WhiteElo "1130"]
[BlackElo "1466"]
[PlyCount "90"]
[EventDate "2008.05.09"]
[EventType "swiss"]
[EventRounds "7"]
[EventCountry "NED"]
[Source "P.Boonen"]
[SourceDate "2010.01.01"]

1. e4 Nf6 2. Nc3 Nc6 3. Nf3 d6 4. Bc4 Bg4 5. d4 e5 6. d5 Nd4 7. O-O Nxf3+ 8.
gxf3 Bh3 9. Re1 a6 10. Bg5 Be7 11. Re3 Nh5 12. f4 Bxg5 13. Qxh5 Bxf4 14. Rxh3
Qf6 15. Qf5 Qxf5 16. exf5 f6 17. Re1 O-O-O 18. Ne2 Bd2 19. Rd1 Ba5 20. Ra3 Bb6
21. Rg3 Rhg8 22. Kf1 g6 23. Bd3 g5 24. Nc3 h5 25. Ne4 Rdf8 26. Rh3 h4 27. a3
Rh8 28. b4 g4 29. Re3 Bxe3 30. fxe3 Rh5 31. Nf2 g3 32. Ng4 Rg5 33. Nh6 gxh2 34.
Be4 Rg1+ 35. Ke2 Rxd1 36. Kxd1 Rh8 37. Ng4 h1=Q+ 38. Bxh1 Rh5 39. e4 Rg5 40.
Bf3 h3 41. Nxf6 h2 42. Ng4 Rxg4 43. Bxg4 h1=Q+ 44. Kd2 Qg2+ 45. Kd3 Qxg4 0-1

[Event "ENCI Limburg-open B"]
[Site "Maastricht"]
[Date "2008.05.09"]
[Round "1"]
[White "De Mon, Gino"]
[Black "Laan, Kart"]
[Result "0-1"]
[WhiteElo "1316"]
[BlackElo "1541"]
[PlyCount "46"]
[EventDate "2008.05.09"]
[EventType "swiss"]
[EventRounds "7"]
[EventCountry "NED"]
[Source "P.Boonen"]
[SourceDate "2010.01.01"]

1. e4 e5 2. Nf3 Nc6 3. d4 exd4 4. Nxd4 Bc5 5. Be3 Qf6 6. c3 Nge7 7. Qc2 Nxd4 8.
Bxd4 Bxd4 9. cxd4 Qxd4 10. Bd3 Nc6 11. Qc3 O-O 12. Qxd4 Nxd4 13. Nc3 d6 14. Nd5
Ne6 15. f4 c6 16. Ne7+ Kh8 17. f5 Nf4 18. Bf1 Re8 19. Nxc8 Rxe4+ 20. Kf2 Rxc8
21. Kf3 Rce8 22. Rd1 Nd5 23. Bd3 Rf4+ 0-1

[Event "ENCI Limburg-open B"]
[Site "Maastricht"]
[Date "2008.05.09"]
[Round "1"]
[White "De Ridder, Naomi"]
[Black "Strolenberg, Lars"]
[Result "0-1"]
[WhiteElo "1302"]
[BlackElo "1539"]
[PlyCount "102"]
[EventDate "2008.05.09"]
[EventType "swiss"]
[EventRounds "7"]
[EventCountry "NED"]
[Source "P.Boonen"]
[SourceDate "2010.01.01"]

1. e4 e5 2. Nf3 Nc6 3. Nc3 Nf6 4. d4 exd4 5. Nxd4 Bb4 6. Bg5 h6 7. Nxc6 bxc6 8.
Bxf6 Qxf6 9. Qd2 d5 10. exd5 Bxc3 11. bxc3 cxd5 12. Bb5+ c6 13. Qe3+ Kd8 14.
Bxc6 Qxc6 15. Qd4 Re8+ 16. Kd1 f6 17. Rb1 Qc4 18. Qxc4 dxc4 19. Rb4 Be6 20. Rb7
Re7 21. Rb4 Kc8 22. Re1 Bg4+ 23. f3 Rxe1+ 24. Kxe1 Be6 25. Ke2 Kc7 26. f4 Rb8
27. Ra4 Rb7 28. h3 Kb8 29. g4 Bd7 30. Ra5 Rb5 31. Ra3 g5 32. fxg5 fxg5 33. Ra6
Rb6 34. Ra5 Kb7 35. Kd2 Rb5 36. Ra3 Bc6 37. Ke3 Re5+ 38. Kf2 Rd5 39. Ke3 Kb6
40. Ke2 Re5+ 41. Kf2 Re4 42. Kf1 Re3 43. Kf2 Rxh3 44. Kg1 Rg3+ 45. Kf2 Rxg4 46.
Kf1 h5 47. Kf2 h4 48. Ke3 h3 49. Kf2 h2 50. Ke2 h1=Q 51. Ke3 Qe1# 0-1